Gaming Quiz

Random Gaming or Board Games Quiz

Monopoly Spaces Blitz Quiz Stats

 Plays Quiz Updated Mar 27, 2018

Score 0/36 Timer 01:00
1 Play Today
Color Property % Correct
Dark BluePark Place / Park Lane
90.7%
Dark BlueBoardwalk / Mayfair
90.7%
Railroads/StationsReading Railroad / King's Cross Station
90%
Railroads/StationsPennsylvania Railroad / Marylebone Station
90%
Railroads/StationsB&O Railroad / Fenchurch Street Station
90%
Railroads/StationsShort Line / Liverpool Street Station
90%
Corner SpacesGo
81%
Corner SpacesIn Jail / Just Visiting
81%
Corner SpacesFree Parking
81%
Corner SpacesGo to Jail
81%
RedKentucky Avenue / Strand
73.1%
RedIndiana Avenue / Fleet Street
73.1%
RedIllinois Avenue / Trafalgar Square
73.1%
Brown (Purple)Mediterranean Avenue / Old Kent Road
72.5%
Brown (Purple)Baltic Avenue / Whitechapel Road
72.5%
Light BlueOriental Avenue / The Angel Islington
72.3%
Light BlueVermont Avenue / Euston Road
72.3%
Light BlueConnecticut Avenue / Pentonville Road
72.3%
Color Property % Correct
GreenPacific Avenue / Regent Street
72.2%
GreenNorth Carolina Avenue / Oxford Street
72.2%
GreenPennsylvania Avenue / Bond Street
72.2%
YellowAtlantic Avenue / Leicester Square
71.2%
YellowVentnor Avenue / Coventry Street
71.2%
YellowMarvin Gardens / Piccadilly
71.2%
OrangeSt. James Place / Bow Street
70%
OrangeTennessee Avenue / Marlborough Street
70%
OrangeNew York Avenue / Vine Street
70%
UtilitiesElectric Company
69.2%
UtilitiesWater Works
69.2%
OtherCommunity Chest
65.1%
OtherIncome Tax
65.1%
OtherChance
65.1%
OtherLuxury Tax / Super Tax
65.1%
PurpleSt. Charles Place / Pall Mall
55.9%
PurpleStates Avenue / Whitehall
55.9%
PurpleVirginia Avenue / Northumberland Avenue
55.9%

You're not logged in!

Compare scores with friends on all Sporcle quizzes.
OR
Log In

Sporcle TV

Today on Sporcle TV


Watch our educational content, quiz creation guides, and fun videos on Sporcle TV.

Show Comments

Extras

Top Quizzes Today


Score Distribution

Your Account Isn't Verified!

In order to create a playlist on Sporcle, you need to verify the email address you used during registration. Go to your Sporcle Settings to finish the process.

Report this User

Report this user for behavior that violates our Community Guidelines.

Details: